[Event "Milan Carnevale op-B 5th"]
[Site "Milan"]
[Date "2014.03.05"]
[Round "1"]
[White "Vittadini, Attilio"]
[Black "Vece, Luigi"]
[Result "0-1"]
[WhiteElo "1838"]
[BlackElo "1608"]
[PlyCount "98"]
[EventDate "2014.03.05"]
[EventType "swiss"]
[EventRounds "6"]
[EventCountry "ITA"]
[SourceTitle "EXT 2015"]
[Source "ChessBase"]
[SourceDate "2014.11.20"]
[SourceVersion "1"]
[SourceVersionDate "2014.11.20"]
[SourceQuality "1"]

1. e4 c5 2. Nf3 Nc6 3. d4 cxd4 4. Nxd4 e5 5. Nb5 d6 6. N1c3 a6 7. Na3 b5 8. Nd5 Nf6 9. Bg5 Be7 10. Bxf6 Bxf6 11. Nxf6+ Qxf6 12. c3 0-0 13. Nc2 Bb7 14. g3 Ne7 15. Bg2 Rfd8 16. Ne3 Qg6 17. Nd5 Bxd5 18. exd5 f5 19. 0-0 Qf7 20. Qd2 Rac8 21. Rfd1 Rc5 22. b4 Rc7 23. a4 Rdc8 24. axb5 axb5 25. Rac1 Qf6 26. Rc2 e4 27. Rdc1 Qe5 28. Bf1 Kf8 29. Bxb5 Qxd5 30. c4 Qxd2 31. Rxd2 d5 32. Ba6 Rb8 33. Rb2 Rb6 34. b5 Rc5 35. Rd2 Kf7 36. Kg2 Ke6 37. Rdc2 d4 38. Rd2 d3 39. f4 Rd6 40. Kf2 Rb6 41. Ke3 Kd6 42. Rcd1 Nc6 43. Bc8 Ne7 44. Bxf5 Nxf5+ 45. Kxe4 Ke6 46. Kxd3 Rd6+ 47. Kc3 Rxd2 48. Rxd2 Nd6 49. Rd4 Nxb5+ 0-1

[Event "Milan Palladino Memorial"]
[Site "Milan"]
[Date "2009.04.12"]
[Round "4"]
[White "Vittadini, Attilio"]
[Black "Vocaturo, Riccardo"]
[Result "1-0"]
[WhiteElo "1865"]
[BlackElo "1581"]
[PlyCount "49"]
[EventDate "2009.04.10"]
[EventType "swiss"]
[EventRounds "6"]
[EventCountry "ITA"]
[SourceTitle "EXT 2011"]
[Source "ChessBase"]
[SourceDate "2010.11.26"]
[SourceVersion "1"]
[SourceVersionDate "2010.11.26"]
[SourceQuality "1"]

1. e4 e6 2. d4 d5 3. Nd2 Nf6 4. e5 Nfd7 5. Bd3 c5 6. c3 Nc6 7. Ne2 a6 8. 0-0 b5 9. f4 Be7 10. Nf3 h6 11. Ng3 0-0 12. f5 cxd4 13. cxd4 Qb6 14. Kh1 exf5 15. Nxf5 Bd8 16. Be3 Nb4 17. Bb1 Nc6 18. Qd3 Re8 19. Nxh6+ Kf8 20. Qh7 gxh6 21. Qxh6+ Kg8 22. Bh7+ Kh8 23. Bg6+ Kg8 24. Qh7+ Kf8 25. Qxf7# 1-0

[Event "Milan Palladino Memorial"]
[Site "Milan"]
[Date "2009.04.10"]
[Round "1"]
[White "Bove, Alessandro"]
[Black "Vittadini, Attilio"]
[Result "1-0"]
[WhiteElo "2297"]
[BlackElo "1865"]
[PlyCount "73"]
[EventDate "2009.04.10"]
[EventType "swiss"]
[EventRounds "6"]
[EventCountry "ITA"]
[SourceTitle "EXT 2011"]
[Source "ChessBase"]
[SourceDate "2010.11.26"]
[SourceVersion "1"]
[SourceVersionDate "2010.11.26"]
[SourceQuality "1"]

1. e4 c5 2. Nf3 Nc6 3. d4 cxd4 4. Nxd4 g6 5. c4 Bg7 6. Nc2 Nf6 7. Nc3 d6 8. Be2 Bd7 9. 0-0 0-0 10. Bg5 Rc8 11. Rc1 Ne5 12. Ne3 Bc6 13. Bxf6 Bxf6 14. b4 b6 15. Ncd5 Bg7 16. f4 Nd7 17. Bf3 Nf6 18. Qe2 Bxd5 19. exd5 a5 20. a3 axb4 21. axb4 Qc7 22. Qd3 Nd7 23. Bg4 Ra8 24. Bxd7 Qxd7 25. Rce1 Ra4 26. b5 Rfa8 27. f5 Qc7 28. Qe4 Be5 29. Qh4 R8a5 30. fxg6 hxg6 31. Ng4 f6 32. Qh6 Qxc4 33. Qxg6+ Kf8 34. Nh6 Qxd5 35. Rc1 Ra8 36. Qh7 Ra2 37. Qh8+ 1-0